000 00361nam a2200109Ia 4500
008 180219s9999 xx 000 0 und d
020 _a9781419582448
100 _aIrwin, Barbara J.
245 _cBurckhardt, Judith A.
_aNCLEX-RN :
_bStrategies for the registered nursing licensing exam
260 _aNew york :
_bKaplan publishing
_c2006
300 _avii, 347 pages
999 _c355917
_d355917